عرض عادي
عرض مارك
- Khrennikov, A. I͡U︡
مدخل إسم شخص
001 - رقم الضبط
- حقل الضبط: 10565
003 - معرف رقم الضبط
- حقل الضبط: OSt
005 - تاريخ ووقت أخر عملية
- حقل الضبط: 20120410165126.0
008 - عناصر بيانات ثابتة الطول
- حقل تحكم ثابت الطول: 120410|||a|||||| | ||| d
040 ## - مصدر الفهرسة
- هيئة الفهرسة الأصلية: OSt
- وكالة الكتابة: OSt
100 ## - مدخل -- أسم شخص
- إسم شخص: Khrennikov, A. I͡U︡
- الشكل الكامل للاسم: (Andreĭ I͡U︡rʹevich),
- تواريخ مرتبطة بالاسم: 1958-
670 ## - بيانات المصدر موجوده
- الاستشهاد بالمصدر: Work cat.: (OSt)0: Albeverio, Sergio. 10562, Theory of p-adic distributions :, 2010.
